Quick Pick: Quick Pick-ception Quiz Stats

Quiz Updated Jul 25, 2016

Challenge
Share
Tweet
Embed
Score 0/12 Timer 00:30
8 Plays Today
% Correct
Quick Pick
83.7%
Quick Pick
83.5%
Quick Pick
83.4%
Quick Pick
83.4%
Quick Pick
83.4%
Quick Pick
83.3%
Quick Pick
83.3%
Quick Pick
83.3%
Quick Pick
83.3%
Quick Pick
83.2%
Quick Pick
83.1%
Quick Pick
82.9%

Today's Daily Dose

You're not logged in!

Compare scores with friends on all Sporcle quizzes.
Sign Up with Email
OR
Log In

You Might Also Like...

Show Comments

Extras

Top Quizzes Today


Score Distribution

Your Account Isn't Verified!

In order to create a playlist on Sporcle, you need to verify the email address you used during registration. Go to your Sporcle Settings to finish the process.

Report this User

Report this user for behavior that violates our Community Guidelines.

Details: